LEADER 03146nam 22006613u 450 001 9910453504903321 005 20210114014205.0 010 $a1-78320-247-5 035 $a(CKB)2550000001250635 035 $a(EBL)1659829 035 $a(SSID)ssj0001317953 035 $a(PQKBManifestationID)11740192 035 $a(PQKBTitleCode)TC0001317953 035 $a(PQKBWorkID)11312726 035 $a(PQKB)11152090 035 $a(MiAaPQ)EBC1659829 035 $a(EXLCZ)992550000001250635 100 $a20140407d2014|||| u|| | 101 0 $aeng 135 $aur|n|---||||| 181 $ctxt 182 $cc 183 $acr 200 10$aFan Phenomena$b[electronic resource] 210 $aBristol $cIntellect$d2014 215 $a1 online resource (128 p.) 300 $aDescription based upon print version of record. 311 $a1-78320-202-5 311 $a1-306-53893-9 327 $aFrontCover; Title; Copyright; Contents; Acknowledgements; Introduction; The Comforts and Pleasures of Repetitive Dialogue in The Big Lebowski; Another Caucasian: Online Fan Response to Donny and the Stranger; Fan Appreciation no.1 Interview with Will Russell: Co-founder of Lebowski Fest; 'If You Will It, It Is No Dream': Lebowski Fest and Cult Fandom; That Shirt Really Ties the Room Together: The Lebowski Legacy of Cultural Artefacts; Nihilistic Dudes: The Masculine Cult Figure in Fin de Sie?cle American Cinema 327 $aFan Appreciation no.2 Interview with Adam Bertocci: Author of Two Gentlemen of LebowskiThe Bard, The Knave and Sir Walter: Adapting a Modern Cult Movie into a Neo-Shakespearean Stage Play; Reimagining and Commodifying Gender, Genre and Sexuality in The Big Lebowski for Cult Fan Consumption; The Dude Goes Digital: The Big Lebowski, New Media and Participatory Culture; Fan Appreciation no.3 Interview with Kim Barber: Executive Producer of The Achievers (2009); Listening Deeply to Lebowski: One Fan's Attempt to Draw a Musical Map Surrounding the Dude 327 $aAbiding Sublimely: From Eastern Philosophies to The Big LebowskiContributor Details; Image Credits; BackCover 330 $aFrom box office flop to one of the most successful cult films of all time, The Big Lebowski has spawned a multicity festival, college-level courses, and its own religion. 606 $aA.I. artificial intelligence 606 $aBig Lebowski (Motion picture) 606 $aFans (Persons) 606 $aPhilosophy in motion pictures 606 $aMusic, Dance, Drama & Film$2HILCC 606 $aFilm$2HILCC 608 $aElectronic books. 615 4$aA.I. artificial intelligence. 615 4$aBig Lebowski (Motion picture). 615 4$aFans (Persons). 615 4$aPhilosophy in motion pictures. 615 7$aMusic, Dance, Drama & Film 615 7$aFilm 676 $a791.43/72 676 $a791.4372 700 $aIngle$b Zachary$0866233 702 $aIngle$b Zachary 702 $aRhys$b Emma 801 0$bAU-PeEL 801 1$bAU-PeEL 801 2$bAU-PeEL 906 $aBOOK 912 $a9910453504903321 996 $aFan Phenomena$91958822 997 $aUNINA LEADER 03595nam 22006732 450 001 9910777387603321 005 20151005020622.0 010 $a1-107-11440-3 010 $a1-280-42927-5 010 $a1-139-16419-8 010 $a0-511-17379-2 010 $a0-511-01766-9 010 $a0-511-15303-1 010 $a0-511-30219-3 010 $a0-511-05436-X 035 $a(CKB)1000000000001046 035 $a(EBL)164750 035 $a(OCoLC)437073177 035 $a(SSID)ssj0000114493 035 $a(PQKBManifestationID)11129956 035 $a(PQKBTitleCode)TC0000114493 035 $a(PQKBWorkID)10124424 035 $a(PQKB)11106112 035 $a(UkCbUP)CR9781139164191 035 $a(MiAaPQ)EBC164750 035 $a(Au-PeEL)EBL164750 035 $a(CaPaEBR)ebr10063494 035 $a(CaONFJC)MIL42927 035 $a(EXLCZ)991000000000001046 100 $a20111007d2001|||| uy| 0 101 0 $aeng 135 $aur||||||||||| 181 $ctxt$2rdacontent 182 $cc$2rdamedia 183 $acr$2rdacarrier 200 10$aBreakdown of will /$fGeorge Ainslie$b[electronic resource] 210 1$aCambridge :$cCambridge University Press,$d2001. 215 $a1 online resource (xi, 258 pages) $cdigital, PDF file(s) 300 $aTitle from publisher's bibliographic system (viewed on 05 Oct 2015). 311 $a0-521-59694-7 311 $a0-521-59300-X 320 $aIncludes bibliographical references (p. 227-246) and indexes. 327 $aContents; Preface; 1 Introduction; 2 The Dichotomy at the Root of Decision Science: Do We Make Choices By Desires or By Judgments?; 3 The Warp in How We Evaluate the Future; 4 The Warp Can Create Involuntary Behaviors: Pains, Hungers, Emotions; 5 The Elementary Interaction of Interests; 6 Sophisticated Bargaining among Internal Interests; 7 The Subjective Experience of Intertemporal Bargaining; 8 Getting Evidence about a Nonlinear Motivational System; 9 The Downside of Willpower; 10 An Efficient Will Undermines Appetite; 11 The Need to Maintain Appetite Eclipses the Will; 12 Conclusions 327 $aNotesReferences; Name Index; Subject Index 330 $aAinslie argues that our responses to the threat of our own inconsistency determine the basic fabric of human culture. He suggests that individuals are more like populations of bargaining agents than like the hierarchical command structures envisaged by cognitive psychologists. The forces that create and constrain these populations help us understand so much that is puzzling in human action and interaction: from addictions and other self-defeating behaviors to the experience of willfulness, from pathological over-control and self-deception to subtler forms of behavior such as altruism, sadism, gambling, and the 'social construction' of belief. This book integrates approaches from experimental psychology, philosophy of mind, microeconomics, and decision science to present one of the most profound and expert accounts of human irrationality available. It will be of great interest to philosophers and an important resource for professionals and students in psychology, economics and political science. 606 $aWill 606 $aChoice (Psychology) 606 $aSelf-defeating behavior 615 0$aWill. 615 0$aChoice (Psychology) 615 0$aSelf-defeating behavior. 676 $a153.8 700 $aAinslie$b George$f1944-$0540075 801 0$bUkCbUP 801 1$bUkCbUP 906 $aBOOK 912 $a9910777387603321 996 $aBreakdown of will$93791978 997 $aUNINA LEADER 06122nam 2200721Ia 450 001 9910821926303321 005 20240313230715.0 010 $a9781118622162 010 $a1118622162 010 $a9781118622148 010 $a1118622146 010 $a9781118622155 010 $a1118622154 035 $a(CKB)2560000000102102 035 $a(EBL)1207774 035 $a(OCoLC)850079007 035 $a(MiAaPQ)EBC1207774 035 $a(DLC) 2013007202 035 $a(Au-PeEL)EBL1207774 035 $a(CaPaEBR)ebr10716700 035 $a(CaONFJC)MIL497265 035 $a(OCoLC)828193745 035 $a(FINmELB)ELB178693 035 $a(Perlego)999947 035 $a(EXLCZ)992560000000102102 100 $a20130215d2013 uy 0 101 0 $aeng 135 $aur|n|---||||| 181 $2rdacontent 182 $2rdamedia 183 $2rdacarrier 200 10$aAdaptive processing of brain signals /$fSaeid Sanei 205 $a1st ed. 210 $aChichester, West Sussex $cJohn Wiley & Sons Inc.$dc2013 215 $a1 online resource (1039 p.) 300 $aDescription based upon print version of record. 311 08$a9780470686133 311 08$a0470686138 320 $aIncludes bibliographical references and index. 327 $aCover; Title Page; Copyright; Preface; Chapter 1 Brain Signals, Their Generation, Acquisition and Properties; 1.1 Introduction; 1.2 Historical Review of the Brain; 1.3 Neural Activities; 1.4 Action Potentials; 1.5 EEG Generation; 1.6 Brain Rhythms; 1.7 EEG Recording and Measurement; 1.8 Abnormal EEG Patterns; 1.9 Aging; 1.10 Mental Disorders; 1.11 Memory and Content Retrieval; 1.12 MEG Signals and Their Generation; 1.13 Conclusions; References; Chapter 2 Fundamentals of EEG Signal Processing; 2.1 Introduction; 2.2 Nonlinearity of the Medium; 2.3 Nonstationarity; 2.4 Signal Segmentation 327 $a2.5 Other Properties of Brain Signals2.6 Conclusions; References; Chapter 3 EEG Signal Modelling; 3.1 Physiological Modelling of EEG Generation; 3.2 Mathematical Models; 3.3 Generating EEG Signals Based on Modelling the Neuronal Activities; 3.4 Electronic Models; 3.5 Dynamic Modelling of the Neuron Action Potential Threshold; 3.6 Conclusions; References; Chapter 4 Signal Transforms and Joint Time-Frequency Analysis; 4.1 Introduction; 4.2 Parametric Spectrum Estimation and Z-Transform; 4.3 Time-Frequency Domain Transforms; 4.4 Ambiguity Function and the Wigner-Ville Distribution 327 $a4.5 Hermite Transform4.6 Conclusions; References; Chapter 5 Chaos and Dynamical Analysis; 5.1 Entropy; 5.2 Kolmogorov Entropy; 5.3 Lyapunov Exponents; 5.4 Plotting the Attractor Dimensions from Time Series; 5.5 Estimation of Lyapunov Exponents from Time Series; 5.6 Approximate Entropy; 5.7 Using Prediction Order; 5.8 Conclusions; References; Chapter 6 Classification and Clustering of Brain Signals; 6.1 Introduction; 6.2 Linear Discriminant Analysis; 6.3 Support Vector Machines; 6.4 k-Means Algorithm; 6.5 Common Spatial Patterns; 6.6 Conclusions; References 327 $aChapter 7 Blind and Semi-Blind Source Separation7.1 Introduction; 7.2 Singular Spectrum Analysis; 7.3 Independent Component Analysis; 7.4 Instantaneous BSS; 7.5 Convolutive BSS; 7.6 Sparse Component Analysis; 7.7 Nonlinear BSS; 7.8 Constrained BSS; 7.9 Application of Constrained BSS; Example; 7.10 Nonstationary BSS; 7.11 Tensor Factorization for Underdetermined Source Separation; 7.12 Tensor Factorization for Separation of Convolutive Mixtures in the Time Domain; 7.13 Separation of Correlated Sources via Tensor Factorization; 7.14 Conclusions; References 327 $aChapter 8 Connectivity of Brain Regions8.1 Introduction; 8.2 Connectivity Through Coherency; 8.3 Phase-Slope Index; 8.4 Multivariate Directionality Estimation; 8.5 Modelling the Connectivity by Structural Equation Modelling; 8.6 EEG Hyper-Scanning and Inter-Subject Connectivity; 8.7 State-Space Model for Estimation of Cortical Interactions; 8.8 Application of Adaptive Filters; 8.9 Tensor Factorization Approach; 8.10 Conclusions; References; Chapter 9 Detection and Tracking of Event-Related Potentials; 9.1 ERP Generation and Types; 9.2 Detection, Separation, and Classification of P300 Signals 327 $a9.3 Brain Activity Assessment Using ERP 330 $a"Brain signal processing spans a broad range of knowledge across engineering, science and medicine, and this book brings together the disparate theory and application to create a comprehensive resource on this growing topic. It will provide advanced tools for the detection, monitoring, separation, localizing and understanding of brain functional, anatomical, and physiological abnormalities. The focus will be on advanced and adaptive signal processing techniques for the processing of electroencephalography and magneto-encephalography signals, and their correlation to the corresponding functional magnetic resonance imaging (fMRI). Multimodal processing of brain signals, the new focus for brain signal research, will also be explored. The book covers the broad remit of neuro-imaging, ensuring comprehensive coverage of all issues related to brain signal processing. Topics such as mental fatigue, brain connectivity and new recording techniques will also be covered.This book will be a progression/follow on from Dr Sanei's first book with Wiley, EEG Signal Processing"--$cProvided by publisher. 330 $a"Covers the fundamentals of brain signal processing, before developing the subject at advanced level"--$cProvided by publisher. 606 $aBrain$xPhysiology 606 $aNeural networks (Neurobiology) 606 $aSignal processing$xDigital techniques 615 0$aBrain$xPhysiology. 615 0$aNeural networks (Neurobiology) 615 0$aSignal processing$xDigital techniques. 676 $a573.8/5 686 $aSCI067000$2bisacsh 700 $aSanei$b Saeid$0629068 801 0$bMiAaPQ 801 1$bMiAaPQ 801 2$bMiAaPQ 906 $aBOOK 912 $a9910821926303321 996 $aAdaptive processing of brain signals$93979027 997 $aUNINA